Un universo de opiniones . La literatura jurídica indiana.
Uloženo v:
| Hlavní autor: | |
|---|---|
| Médium: | Kniha |
| Jazyk: | angličtina |
| Vydáno: |
Madrid, España:
Consejo Superior de Investigaciones Científica; Instituto de Historia,
2003.
|
| Edice: | Biblioteca de Historia de América.
|
| Témata: | |
| Tagy: |
Přidat tag
Žádné tagy, Buďte první, kdo vytvoří štítek k tomuto záznamu!
|
MARC
| LEADER | 00000nam a22000007a 4500 | ||
|---|---|---|---|
| 003 | CL-VaPUC | ||
| 005 | 20220822114507.0 | ||
| 008 | 220616b2003 ||||| |||| 00| 0 eng d | ||
| 999 | |c 436071 |d 436069 | ||
| 020 | |a 84-00-08131-5 | ||
| 040 | |c Pontificia Universidad Católica de Valparaíso | ||
| 082 | 7 | |a 340.10954 LUQ 2003 |2 22 | |
| 100 | 1 | |a Luque Talaván, Miguel |e autor |9 870832 | |
| 245 | |a Un universo de opiniones . |b La literatura jurídica indiana. | ||
| 260 | |a Madrid, España: |b Consejo Superior de Investigaciones Científica; |b Instituto de Historia, |c 2003. | ||
| 300 | |a 797 páginas. | ||
| 490 | |a Biblioteca de Historia de América. | ||
| 500 | |a c.1 Donación Familia Prof. Alejandro Guzmán Brito. | ||
| 583 | |c 20220616 |k Cristina María Rojas Aguilar | ||
| 650 | |a Derecho |z España |x Colonias |x Fuentes |x Bibliografías |9 870882 | ||
| 942 | |2 ddc |c BK |n 0 | ||
| 952 | |0 0 |1 0 |2 ddc |4 0 |5 1 |6 340_109540000000000_LUQ_2003 |7 1 |8 C_AGB |9 583801 |a BIBDER |b BIBDER |d 2022-06-16 |e Donación |i 5651925 |o 340.10954 LUQ 2003 |p 5651925 |r 2023-01-25 |t 1 |w 2022-06-16 |y BK_US |k AGB | ||